| 000 | 004400000a22001810004500 | ||
|---|---|---|---|
| 003 | MACL | ||
| 005 | 20151205163642.0 | ||
| 008 | 151205b xxu||||| |||| 00| 0 eng d | ||
| 040 |
_aMACL _cMACL |
||
| 041 | _aEnglish | ||
| 082 | _a741.642 | ||
| 100 |
_aBhatt, R M _919406 |
||
| 245 | _aFolk Tales Of Gujarat | ||
| 260 |
_bPublications Division _c2003 |
||
| 350 | _a30 | ||
| 650 |
_aChildrens Book _97875 |
||
| 942 |
_cBK _k741.642/BHA _2ddc |
||
| 999 |
_c44390 _d44390 |
||